La réponse est un numéro - Statistiques

Statistiques générales
  • Ce quiz a été pris 134 fois
  • Le résultat moyen est 7 sur 20
Statistiques - réponses
Définitions Numéros % Correct
8 multiplié par 8 64
100%
Notre alphabet contient combien de lettres ? 26
73%
Chaque année des JO d'été, l'année compte combien de jour 366
72%
Ricard ou Pastis sont ses autres noms 51
71%
118 _ _ _ 218
70%
Combien avons-nous de jours féries en France ? 11
68%
Numéro du département de la Guadeloupe 971
33%
Nombre d'année de règne de Louis XIV 72
32%
Avec lui, il faut éviter d'être Hexakosioihexekontahexaphobe 666
31%
Une bombe aux JO d'Atlanta, mais en quelle année 1996
30%
Dans un loto traditionnel, ce numéro est appelé "Pépé" 90
24%
Sa préfecture est Montauban 82
23%
Montant du chèque de Santa lors du Téléthon 2025 99 999
20%
Jours d'écart entre le titre de champion 1998 et le 27 Novembre 2025 10 000
11%
Nombre de points du champion du monde de F1 Lando Norris en 2025 423
10%
La chartreuse contient combien de plantes 130
9%
Nombre d'entrée au Grand prix de France MotoGP 2025 (cites les 3 premiers chiffres) 311 797
7%
Nombre de communes que possède le département des Côtes d'Armor 344
5%
Numéro du premier train que prend Harry Potter dans le premier film 5972
2%
Date de la Bataille de Ronceveaux 778
2%
Aucun quiz correspondant
Distribution des résultats
% des personnes avec chaque résultat
Percentile par nombre de réponses
Votre historique - résultats
Vous n’avez pas pris ce quiz